000 00425nab a2200145Ia 4500
003 ES-SlBCS
005 20210601150945.0
008 140529s2005 xxu||||| |||| 00| 0 spa d
041 _aspa
100 1 _aDíaz, David
_9272950
245 0 0 _aDe la Iglesia con misiones a la Iglesia misionera
_c David Díaz
650 4 _aIglesia Misionera
_9188268
773 0 _tVoces
_gvol. 13, nº. 26, 2005, págs. 9-36
_wRev816
942 _cAR
999 _c749573
_d749573